| 000 | 00326nam a2200097Ia 4500 | ||
|---|---|---|---|
| 082 | _a305.8|DURR | ||
| 245 | 0 | _aRace trouble : race, identity, and inequality in post-apartheid South Africa | |
| 100 |
_a Durrheim, Kevin Scottsville, South Africa, 2011 _957634 |
||
| 942 | _cBK | ||
| 008 | 210817s9999 xx 000 0 und d | ||
| 999 |
_c180166 _d180164 |
||